Estadísticas para Los Paises mas corruptos de America Latina en 2023

Haz click aquí para intentar la prueba.

Estadísticas generales

  • Esta prueba ha sido intentada 28 veces
  • La puntuación promedio es 9 de 10

Estadísticas de respuestas

Puesto mundial con menor porcentaje de corrupciónPaís% Correcto
Puesto 126México
96%
Puesto 121Perú
96%
Puesto 177Venezuela
96%
Puesto 133Bolivia
92%
Puesto 172Nicaragua
92%
Puesto 123El Salvador
88%
Puesto 150Guatemala
88%
Puesto 154Honduras
88%
Puesto 115Ecuador
81%
Puesto 136Paraguay
77%

Distribución de puntuación

Porcentaje por número respondido

Porcentaje de gente con cada puntuación

Historial de tus puntuaciones

No has intentado esta prueba.